A qué llamamos arte. El criterio estético.

Uloženo v:
Podrobná bibliografie
Další autoři: Molinuevo, José Luis (Editor), Jiménez, José (autor), Trías, Eugenio (autor), Marchán Fiz, Simón (autor), Calle, Román de la (autor), Flor, Fernando R. de la (autor), Expósito, Alberto Martín (autor), Lafuente, Fernando R (autor), López de la Vieja, María Teresa (autora), Siles, Jaime (autor), Molina, César Antonio (autor)
Médium: Kniha
Jazyk:španělština
Vydáno: Salamanca, España: Ediciones Universidad de Salamanca, 2001.
Edice:Metamorfosis,
Témata:
Tagy: Přidat tag
Žádné tagy, Buďte první, kdo vytvoří štítek k tomuto záznamu!

MARC

LEADER 00000nam a22000007a 4500
003 CL-VaPUC
005 20250407202445.0
008 250313t2001 ||||| |||| 00| 0 spa d
999 |c 447309  |d 447307 
020 |a 84-7800-903-5 
040 |c Pontificia Universidad Católica de Valparaíso 
082 |2 22  |a 701.17 MOL 2001 
100 |9 896749  |a Molinuevo, José Luis  |e editor 
245 |a A qué llamamos arte.   |b El criterio estético. 
260 |a Salamanca, España:  |b Ediciones Universidad de Salamanca,  |c 2001. 
300 |a 262 páginas:  |b ilustraciones. 
490 |a Metamorfosis,  |n  3. 
500 |a c.1-3: Instituto Arcos. 08-01-2025 
583 |c 20250313  |k Yessy Sthefany Diaz Vidal 
650 0 |9 264951  |a Filosofía del arte  |x Estética  |v Crítica e interpretación 
700 |9 895863  |a Jiménez, José  |e autor 
700 |9 313744  |a Trías, Eugenio  |e autor 
700 |9 581999  |a Marchán Fiz, Simón  |e autor 
700 |9 896750  |a Calle, Román de la   |e autor 
700 |9 407284  |a Flor, Fernando R. de la  |e autor 
700 |a Expósito, Alberto Martín   |e autor  |9 896758 
700 |9 325184  |a Lafuente, Fernando R  |e autor 
700 |9 896754  |a López de la Vieja, María Teresa  |e autora 
700 |9 896756  |a Siles, Jaime  |e autor 
700 |9 896757  |a Molina, César Antonio  |e autor 
942 |2 ddc  |c BK  |n 0 
952 |0 0  |1 0  |2 ddc  |4 0  |6 701_170000000000000_MOL_2001  |7 0  |8 A  |9 601162  |a BIBINC  |b BIBINC  |d 2025-03-13  |e Instituto Arcos  |i 5666020  |o 701.17 MOL 2001  |p 5666020  |r 2025-03-13  |t 1  |w 2025-03-13  |y BK  |k IFP 
952 |0 0  |1 0  |2 ddc  |4 0  |6 701_170000000000000_MOL_2001  |7 0  |8 A  |9 601163  |a BIBINC  |b BIBINC  |d 2025-03-13  |e Instituto Arcos  |i 5666021  |o 701.17 MOL 2001  |p 5666021  |r 2025-03-13  |t 2  |w 2025-03-13  |y BK  |k IFP 
952 |0 0  |1 0  |2 ddc  |4 0  |6 701_170000000000000_MOL_2001  |7 0  |8 A  |9 601164  |a BIBINC  |b BIBINC  |d 2025-03-13  |e Instituto Arcos  |i 5666022  |o 701.17 MOL 2001  |p 5666022  |r 2025-03-13  |t 3  |w 2025-03-13  |y BK  |k IFP